Bio-Ecology of Aphis Gossyphglov. (Homoptera : Aphididae) Infesting Brinjal Plant at Rajshahi, Bangladesh / (Record no. 83779)
[ view plain ]
| 000 -LEADER | |
|---|---|
| fixed length control field | 01019nam a2200253 a 4500 |
| 001 - CONTROL NUMBER | |
| RUCL Control Number | 83779 |
| 003 - CONTROL NUMBER IDENTIFIER | |
| rucl marc code | BD-RjUL |
| 005 - DATE AND TIME OF LATEST TRANSACTION | |
| control field | 20240520105918.0 |
| 008 - FIXED-LENGTH DATA ELEMENTS--GENERAL INFORMATION | |
| fixed length control field | 240520s1997 bg a|||| m||| 00| 0 eng d |
| 035 ## - SYSTEM CONTROL NUMBER | |
| system control number | (BD-RjUL)83779 |
| 040 ## - CATALOGING SOURCE | |
| Original cataloging agency | BD-RjUL |
| Language of cataloging | eng |
| Transcribing agency | BD-RjUL |
| Modifying agency | BD-RjUL |
| 041 ## - LANGUAGE CODE | |
| Language code of Book | eng |
| 082 ## - DEWEY DECIMAL CLASSIFICATION NUMBER | |
| DDC Edition number | 23 |
| Classification number | 595.752 |
| Author mark and Year | KAB 1997 |
| 100 ## - MAIN ENTRY--PERSONAL NAME | |
| Personal name | Karim, K. N. Shahjahan |
| 9 (RLIN) | 13079 |
| 245 10 - TITLE STATEMENT | |
| Title | Bio-Ecology of Aphis Gossyphglov. (Homoptera : Aphididae) Infesting Brinjal Plant at Rajshahi, Bangladesh / |
| Statement of responsibility, etc | By K. N. Shahjahan Karim ; |
| Name of Supervisor/Co-Supervisor | Supervisor : M. Khalequzzaman, Co-Supervisor : Bidhan Chandra Das |
| 260 ## - PUBLICATION, DISTRIBUTION, ETC. (IMPRINT) | |
| Place of publication, distribution, etc | Rajshahi : |
| Name of publisher, distributor, etc | Department of Zoology, University of Rajshahi, |
| Date of publication, distribution, etc | 1997 |
| 300 ## - PHYSICAL DESCRIPTION | |
| Pagination | iii, 319 Leaves : |
| Other physical details | ill, ; |
| Dimensions | 29 cm. |
| 502 ## - DISSERTATION NOTE | |
| Dissertation note | Thesis (Ph. D.) -- Department of Zoology, University of Rajshahi, 1997 |
| 504 ## - BIBLIOGRAPHY, ETC. NOTE | |
| Bibliography, etc | References : Leaves 190-211 |
| 650 ## - SUBJECT ADDED ENTRY--TOPICAL TERM | |
| Topical term or geographic name as entry element | Arthropoda |
| Form subdivision | Homoptera |
| 9 (RLIN) | 13080 |
| 700 ## - ADDED ENTRY--SUPERVISOR/CO-SUPERVISOR NAME | |
| Personal name | Khalequzzaman, M. Supervisor |
| 9 (RLIN) | 4602 |
| Personal name | Das, Bidhan Chandra, Co-Supervisor |
| 9 (RLIN) | 13081 |
| 942 ## - ADDED ENTRY ELEMENTS (KOHA) | |
| Source of classification or shelving scheme | Dewey Decimal Classification |
| Koha item type | Theses |
| Source of classification or shelving scheme | Damaged status | Not for loan | Collection code | Permanent Location | Current Location | Shelving location | Date of accession | Source of acquisition | Total Checkouts | Full call number | Barcode | Date last seen | Copy number | Thesis |
|---|---|---|---|---|---|---|---|---|---|---|---|---|---|---|
| Dewey Decimal Classification | Not For Loan | Theses | Central Library, University of Rajshahi | Central Library, University of Rajshahi | Documentation Section | 07/01/1999 | Controller of Exam. R. U. | THE 595.752 KAB 1997 | D1922 | 20/05/2024 | C-I | Theses |